US Retail Chain Stores - Statistics

General Stats
  • This quiz has been taken 217 times
  • The average score is 17 of 20
Answer Stats
Business Store % Correct
Lingerie {Victoria}'s Secret
94%
Fast food Chick-{fil}-A
93%
Ice cream and fast food Dairy {Queen}
92%
Home improvement Home {Depot}
90%
Shoes Foot {Locker}
89%
Clothing and accessories {Old} Navy
89%
Books Barnes & {Noble}
88%
Fragrances Bath & {Body} Works
88%
Clothing and accessories T.J.{Maxx}
88%
Clothing and accessories {American} Eagle
86%
Bathroom equipment Bed Bath & {Beyond}
86%
Drugs, healthcare CVS {Pharmacy}
85%
Sports equipment {Dick}'s Sporting Goods
83%
Clothing and accessories {Banana} Republic
82%
Department store Nord{strom}
82%
Electronics Radio{Shack}
80%
Grocery {Whole} Foods Market
75%
Restaurant {Ruby} Tuesday
68%
Department store J.C. {Penney}
64%
Department store {Saks} Fifth Avenue
62%
No matching quizzes found
Score Distribution
Percent of People with Each Score
Percentile by Number Answered
Your Score History
You have not taken this quiz